Anthologie des poètes lyriques français

Uloženo v:
Podrobná bibliografie
Médium: Kniha
Jazyk:francouzština
Vydáno: París Nelson 1900
Témata:
Tagy: Přidat tag
Žádné tagy, Buďte první, kdo vytvoří štítek k tomuto záznamu!

MARC

LEADER 00000nam a2200000 a 4500
001 UCQ5160
003 CL-VaPUC
008 980925e19000000FR |||||||||||||||||fre|d
082 0 4 |a 841.08  |b ANT  |2 21 
245 1 0 |a Anthologie des poètes lyriques français 
300 |a 538 p 
942 |c BK 
945 |d 19980925 00:00:00  |a crobeson 
260 |a París  |b Nelson  |c 1900 
650 0 |a Poesías francesas  |9 265467 
650 0 |a Literatura francesa  |9 266330 
650 0 |a Antologías  |9 309836 
583 |a last modification  |c 19980925 00:00:00  |k Rodrigo Vera 
999 |c 275376  |d 275374 
952 |0 0  |1 0  |4 0  |6 841_080000000000000_ANT_1900  |7 0  |8 A  |9 312113  |a BIBEDU  |b BIBEDU  |d 2019-11-20  |i 1468618  |o 841.08 ANT 1900  |p 1468618  |r 2019-11-20  |w 2019-11-20  |y BK  |k LIT